Is Cricket or Baseball more Popular? - Statistics

General Stats
  • This quiz has been taken 49 times
  • The average score is 13 of 15
Answer Stats
Question Answer % Correct
Zimbabwe Cricket
100%
Afghanistan Cricket
100%
Bangladesh Cricket
100%
United Kingdom Cricket
100%
Japan Baseball
90%
Cuba Baseball
90%
Colombia Baseball
90%
Panama Baseball
90%
Australia Cricket
90%
Trinidad and Tobago Cricket
90%
Ireland Cricket
90%
New Zealand Cricket
90%
Nicaragua Baseball
80%
Palau Baseball
50%
Suriname Cricket
50%
No matching quizzes found
Score Distribution
Percent of People with Each Score
Percentile by Number Answered
Your Score History
You have not taken this quiz